[Event "22. Copenhagen Open  (Politiken Cup)"]
[Site "Copenhagen"]
[Date "2000.07.21"]
[Round "5"]
[White "Bekker Jensen, Simon"]
[Black "Hansen, Lars Bo"]
[Result "0-1"]
[WhiteElo "2388"]
[BlackElo "2562"]
[PlyCount "68"]
[EventDate "2000.07.17"]
[EventType "swiss"]
[EventRounds "11"]
[EventCountry "DEN"]
[SourceDate "2004.01.01"]

1. d4 e6 2. c4 Bb4+ 3. Nc3 f5 4. g3 Nf6 5. Bg2 O-O 6. Qb3 Qe7 7. Nf3 c5 8. dxc5
Nc6 9. O-O Bxc5 10. Qc2 b6 11. e4 fxe4 12. Nxe4 Nxe4 13. Qxe4 Bb7 14. Qe2 Rf5
15. Be3 Raf8 16. Rac1 Ba6 17. b3 Bb7 18. Bxc5 bxc5 19. Qe3 d6 20. Rcd1 a5 21.
Ne1 Re5 22. Qd3 Nd4 23. f4 Re2 24. Rd2 Bxg2 25. Nxg2 Rxd2 26. Qxd2 Qb7 27. Qxa5
Ra8 28. Qd2 Nf3+ 29. Rxf3 Qxf3 30. Qxd6 Qe4 31. a4 h6 32. Qxc5 Rd8 33. Qe3 Rd1+
34. Kf2 Qc2+ 0-1

[Event "22. Copenhagen Open  (Politiken Cup)"]
[Site "Copenhagen"]
[Date "2000.07.21"]
[Round "5"]
[White "Berg, Olaf"]
[Black "Helin, Mikael"]
[Result "1-0"]
[WhiteElo "1795"]
[BlackElo "2066"]
[PlyCount "97"]
[EventDate "2000.07.17"]
[EventType "swiss"]
[EventRounds "11"]
[EventCountry "DEN"]
[SourceDate "2004.01.01"]

1. e4 c5 2. f4 d5 3. Nc3 dxe4 4. Nxe4 Nf6 5. Nxc5 e5 6. Bb5+ Nc6 7. Qf3 Bxc5 8.
Bxc6+ bxc6 9. Qxc6+ Nd7 10. Qxa8 O-O 11. Ne2 Qh4+ 12. g3 Qh5 13. Qe4 Re8 14. f5
Nf6 15. Qc6 Bb6 16. Rf1 Bxf5 17. Qa4 e4 18. Qb5 g6 19. a4 Rc8 20. a5 Bc5 21. b4
Bh3 22. Qb7 Qe5 23. Rf4 Rb8 24. Bb2 Qxf4 25. Nxf4 Rxb7 26. Bxf6 Bxb4 27. Nxh3
Bf8 28. Ke2 Bg7 29. Bxg7 Kxg7 30. Nf4 g5 31. Nd5 Rb5 32. c4 Rc5 33. Ra4 Kg6 34.
g4 h5 35. gxh5+ Kxh5 36. Nf6+ Kh4 37. Nxe4 Re5 38. Kf3 f5 39. Nf2 g4+ 40. Kg2
Re2 41. c5 Kg5 42. Rc4 f4 43. c6 Re1 44. Rxf4 Rc1 45. Rxg4+ Kh5 46. Rg7 a6 47.
c7 Kh6 48. Rd7 Kh5 49. Ne4 1-0

[Event "22. Copenhagen Open  (Politiken Cup)"]
[Site "Copenhagen"]
[Date "2000.07.21"]
[Round "5"]
[White "Bromann, Thorbjorn"]
[Black "Fant, Goran"]
[Result "1-0"]
[WhiteElo "2261"]
[BlackElo "2062"]
[PlyCount "59"]
[EventDate "2000.07.17"]
[EventType "swiss"]
[EventRounds "11"]
[EventCountry "DEN"]
[SourceDate "2004.01.01"]

1. e4 e6 2. d4 d5 3. Nc3 Nf6 4. Bg5 dxe4 5. Nxe4 Be7 6. Bxf6 Bxf6 7. Nf3 Nc6 8.
Bb5 Bd7 9. c3 a6 10. Bd3 h6 11. Qe2 Qe7 12. O-O-O Rd8 13. g4 Bc8 14. h4 Qf8 15.
g5 Be7 16. Kb1 b5 17. Rhe1 Rd5 18. a4 Na7 19. axb5 axb5 20. Kc2 c6 21. Ra1 Rd7
22. Ra2 Bd6 23. Ne5 Bxe5 24. dxe5 Qe7 25. Nd6+ Kd8 26. Qe3 c5 27. Qxc5 Rc7 28.
Qb6 Nc6 29. Nxc8 Kxc8 30. Ra8+ 1-0

[Event "22. Copenhagen Open  (Politiken Cup)"]
[Site "Copenhagen"]
[Date "2000.07.21"]
[Round "5"]
[White "Brondum, Eric"]
[Black "Schmidt, Horst"]
[Result "1-0"]
[WhiteElo "2230"]
[BlackElo "2025"]
[PlyCount "105"]
[EventDate "2000.07.17"]
[EventType "swiss"]
[EventRounds "11"]
[EventCountry "DEN"]
[SourceDate "2004.01.01"]

1. Nf3 d5 2. d4 Nf6 3. c4 c6 4. Nc3 e6 5. Bg5 Be7 6. e3 a6 7. Bd3 Nbd7 8. O-O
O-O 9. Rc1 b5 10. b3 h6 11. Bh4 Nb6 12. Ne5 Bb7 13. c5 Nbd7 14. f4 Ne8 15. Bxe7
Qxe7 16. Kh1 Nxe5 17. fxe5 f5 18. g4 g6 19. gxf5 exf5 20. Rg1 Kh7 21. Rc2 Nc7
22. Rcg2 Rg8 23. Qf3 Raf8 24. Ne2 Ne6 25. Nf4 Nxf4 26. exf4 Bc8 27. Qg3 Rg7 28.
Qh3 Be6 29. Rg3 Rh8 30. Qxh6+ Kg8 31. Qg5 Qxg5 32. Rxg5 Kf7 33. R5g3 Rh4 34.
Rf1 Rgh7 35. Rf2 R7h6 36. Be2 Kg7 37. Kg1 Kf7 38. Bf1 Rh8 39. Bg2 R8h6 40. h3
Rh8 41. Kf1 R8h5 42. Ke1 Rh8 43. Kd2 a5 44. Bf1 b4 45. Kc2 Ra8 46. Kb2 a4 47.
bxa4 Rxa4 48. Rfg2 Rxf4 49. Rxg6 Rxf1 50. Rf6+ Ke7 51. Rg7+ Bf7 52. Rfxf7+ Ke8
53. e6 1-0

[Event "22. Copenhagen Open  (Politiken Cup)"]
[Site "Copenhagen"]
[Date "2000.07.21"]
[Round "5"]
[White "Christensen, Jan N"]
[Black "Grubert, Christian"]
[Result "1-0"]
[WhiteElo "2139"]
[BlackElo "2060"]
[PlyCount "45"]
[EventDate "2000.07.17"]
[EventType "swiss"]
[EventRounds "11"]
[EventCountry "DEN"]
[SourceDate "2004.01.01"]

1. e4 c5 2. f4 g6 3. Nf3 Bg7 4. Nc3 Nc6 5. Bb5 Nd4 6. O-O Qa5 7. a4 a6 8. Ra3
c4 9. Kh1 Nxf3 10. Qxf3 Qc7 11. Nd5 Qc5 12. Bxc4 e6 13. Ne3 Ne7 14. c3 O-O 15.
d4 Qc7 16. f5 exf5 17. exf5 gxf5 18. Bd3 f4 19. Nf5 Ng6 20. Qh5 d6 21. Nxg7
Kxg7 22. Bxf4 f5 23. Bh6+ 1-0

[Event "22. Copenhagen Open  (Politiken Cup)"]
[Site "Copenhagen"]
[Date "2000.07.21"]
[Round "5"]
[White "Christensen, Stefan"]
[Black "Howe, Dennis"]
[Result "0-1"]
[WhiteElo "2176"]
[BlackElo "2015"]
[PlyCount "64"]
[EventDate "2000.07.17"]
[EventType "swiss"]
[EventRounds "11"]
[EventCountry "DEN"]
[SourceDate "2004.01.01"]

1. e4 e5 2. Nf3 Nc6 3. Bb5 a6 4. Ba4 d6 5. Bxc6+ bxc6 6. d4 exd4 7. Nxd4 Bd7 8.
O-O g6 9. Nc3 Bg7 10. f4 c5 11. Nf3 Ne7 12. Qe1 Bc6 13. f5 Qd7 14. Bg5 f6 15.
Bd2 O-O-O 16. Nh4 Rde8 17. Qg3 Reg8 18. Qd3 Bb7 19. Rab1 Qc6 20. b4 gxf5 21.
Nxf5 Nxf5 22. Rxf5 c4 23. Qd4 Re8 24. b5 axb5 25. Rfxb5 Ba8 26. Qe3 f5 27. Qh3
Bd4+ 28. Kh1 Ref8 29. Rxf5 Qd7 30. Qf3 Rxf5 31. Qxf5 Qxf5 32. exf5 Rg8 {#} 0-1

[Event "22. Copenhagen Open  (Politiken Cup)"]
[Site "Copenhagen"]
[Date "2000.07.21"]
[Round "5"]
[White "De Firmian, Nick E"]
[Black "Golod, Vitali"]
[Result "1/2-1/2"]
[WhiteElo "2567"]
[BlackElo "2590"]
[Annotator "Golod,V"]
[PlyCount "55"]
[EventDate "2000.07.17"]
[EventType "swiss"]
[EventRounds "11"]
[EventCountry "DEN"]
[SourceDate "2004.01.01"]

1. e4 e5 2. Nf3 Nc6 3. Bb5 a6 4. Ba4 Nf6 5. O-O Nxe4 6. d4 b5 7. Bb3 d5 8. dxe5
Be6 9. Nbd2 Bc5 10. Nxe4 $5 (10. c3 {It's main line.}) 10... dxe4 11. Qxd8+ $5
{Another options is:} (11. Ng5) (11. Bxe6) 11... Rxd8 12. Ng5 Bd5 $1 ({Badly:} 
12... Bxb3 13. axb3 $16) 13. Rd1 ({Can be recommended:} 13. e6 fxe6 14. Bxd5
exd5 (14... Rxd5 $5 {/=}) 15. Ne6 Bb6 16. Nxd8 Kxd8 17. c3 Ne5 $44) 13... Nd4
14. Bxd5 ({After:} 14. Be3 $6 Nxb3 15. axb3 Bxe3 16. fxe3 h6 17. Nh3 Bb7 {
black has positional advantage in the endgame.}) 14... Rxd5 15. Be3 Rxe5 16.
Nxf7 (16. Bxd4 $2 Rxg5 17. h4 Rf5) 16... Kxf7 $1 {This move much better,than:}
(16... Ne2+ 17. Kf1 Ng3+ (17... Kxf7 18. Kxe2 {/}) 18. hxg3 Kxf7 19. Ke2 $14) (
{or} 16... Nf3+ $2 17. gxf3 Kxf7 18. f4 $1 Rf5 19. Rd7+ Be7 20. Rxc7 $16) 17.
Bxd4 Bxd4 18. Rxd4 Rhe8 19. Re1 ({After:} 19. Kf1 {also possibly:} c5) 19... c5
20. Rd7+ R8e7 ({Worse is:} 20... Kf6 {in view of:} 21. Kf1) 21. Rxe7+ Rxe7 (
21... Kxe7 $2 22. f3 $16) 22. Kf1 c4 $1 $11 (22... Rd7 $2 23. Rxe4 Rd2 24. Re2
Rd1+ 25. Re1 Rd2 26. Rc1 c4 27. Ke1 $16) 23. Ke2 ({Also draw after:} 23. Rd1 e3
24. fxe3 Rxe3 25. Kf2 Re6) 23... Rd7 24. Rd1 (24. Ke3 Kf6 25. Kxe4 $4 Re7+)
24... Rxd1 25. Kxd1 Ke6 26. Kd2 Kd5 27. Ke3 Ke5 28. a3 (28. a3 g5 $11) 1/2-1/2

[Event "22. Copenhagen Open  (Politiken Cup)"]
[Site "Copenhagen"]
[Date "2000.07.21"]
[Round "5"]
[White "Drejer, Hans Ulrik"]
[Black "Dencker, Martin"]
[Result "1-0"]
[WhiteElo "1680"]
[BlackElo "1331"]
[PlyCount "33"]
[EventDate "2000.07.17"]
[EventType "swiss"]
[EventRounds "11"]
[EventCountry "DEN"]
[SourceDate "2004.01.01"]

1. d4 c6 2. Nf3 d5 3. Bg5 h6 4. Bh4 Bf5 5. e3 Nd7 6. Bd3 Bxd3 7. Qxd3 Qc7 8.
Bg3 Qb6 9. Nc3 Ngf6 10. Ne5 Nxe5 11. dxe5 Nd7 12. e6 Nc5 13. exf7+ Kxf7 14.
Qf5+ Ke8 15. Qh5+ Kd8 16. O-O-O Qb4 {#} 17. Nxd5 1-0

[Event "22. Copenhagen Open  (Politiken Cup)"]
[Site "Copenhagen"]
[Date "2000.07.21"]
[Round "5"]
[White "Grahn, Lars"]
[Black "Petersen, Steffen"]
[Result "1-0"]
[WhiteElo "2105"]
[BlackElo "2121"]
[PlyCount "153"]
[EventDate "2000.07.17"]
[EventType "swiss"]
[EventRounds "11"]
[EventCountry "DEN"]
[SourceDate "2004.01.01"]

1. d4 e6 2. c4 Nf6 3. Nc3 Bb4 4. g3 c5 5. Nf3 cxd4 6. Nxd4 Ne4 7. Qc2 Nxc3 8.
bxc3 Bc5 9. Bg2 Nc6 10. Nb3 Be7 11. O-O O-O 12. Bf4 Bf6 13. Bd6 Re8 14. Rfd1 b6
15. Rd2 Bb7 16. Rad1 Qc8 17. h4 Be7 18. c5 bxc5 19. Nxc5 Na5 20. Bxe7 Bxg2 21.
Kxg2 Qc6+ 22. Qe4 d5 23. Qb4 Nc4 24. Nd3 Nxd2 25. Rxd2 d4+ 26. f3 Qxc3 27. Bc5
Qxb4 28. Nxb4 e5 29. Nd3 f6 30. Rb2 e4 31. fxe4 Rxe4 32. Nf2 Re3 33. Bxd4 Re6
34. a3 h5 35. e3 Kh7 36. Nd3 g5 37. Rb7+ Kg6 38. hxg5 fxg5 39. Ne5+ Kf5 40. Nd3
h4 41. Rb5+ Kg4 42. Ne5+ Rxe5 43. Bxe5 h3+ 44. Kh2 Rf8 45. Rb2 Rf7 46. Rb4+ Kf3
47. g4 Kxe3 48. Kxh3 Kf3 49. Rb3+ Ke4 50. Bg3 Rd7 51. Rb5 Rh7+ 52. Kg2 Rg7 53.
a4 a6 54. Re5+ Kd4 55. a5 Kc4 56. Bf2 Kd3 57. Be3 Rg6 58. Bxg5 Kd4 59. Rf5 Ke4
60. Kg3 Rc6 61. Bd8 Rd6 62. Rf8 Rd1 63. Re8+ Kd5 64. g5 Rg1+ 65. Kf4 Kd6 66.
Bb6 Rf1+ 67. Kg4 Rf7 68. g6 Rg7 69. Kg5 Kd7 70. Re1 Rg8 71. Kh6 Rh8+ 72. Kg7
Rh3 73. Kg8 Rg3 74. g7 Rg5 75. Kh7 Rh5+ 76. Kg6 Rh2 77. g8=Q 1-0

[Event "22. Copenhagen Open  (Politiken Cup)"]
[Site "Copenhagen"]
[Date "2000.07.21"]
[Round "5"]
[White "Greiff, Hkan"]
[Black "Nielsen, Borge Hjerrild"]
[Result "1-0"]
[WhiteElo "2284"]
[BlackElo "2153"]
[PlyCount "35"]
[EventDate "2000.07.17"]
[EventType "swiss"]
[EventRounds "11"]
[EventCountry "DEN"]
[SourceDate "2004.01.01"]

1. e4 c6 2. d4 d5 3. Nd2 dxe4 4. Nxe4 Nd7 5. Nf3 Ngf6 6. Nxf6+ Nxf6 7. Bc4 e6
8. Bg5 Be7 9. O-O O-O 10. c3 Qc7 11. Re1 Bd7 12. Qe2 Rad8 13. Rad1 Rfe8 14. Ne5
Bc8 15. Qf3 h6 {[#]} 16. Bxh6 g6 17. Bf4 Nh5 18. Nxg6 1-0

[Event "22. Copenhagen Open  (Politiken Cup)"]
[Site "Copenhagen"]
[Date "2000.07.21"]
[Round "5"]
[White "Gulko, Boris F"]
[Black "Hector, Jonny"]
[Result "1-0"]
[WhiteElo "2643"]
[BlackElo "2509"]
[PlyCount "61"]
[EventDate "2000.07.17"]
[EventType "swiss"]
[EventRounds "11"]
[EventCountry "DEN"]
[SourceDate "2004.01.01"]

1. c4 Nf6 2. Nc3 e5 3. Nf3 Nc6 4. g3 Nd4 5. Bg2 Nxf3+ 6. Bxf3 Bb4 7. Qb3 Bc5 8.
d3 h6 9. h4 c6 10. g4 d5 11. g5 hxg5 12. hxg5 Rxh1+ 13. Bxh1 Ng4 14. cxd5 Bxf2+
15. Kd1 Bb6 16. Kc2 Bd7 17. dxc6 bxc6 18. Bd2 Be3 19. Rf1 Qe7 20. Ne4 Be6 21.
Qa4 Kf8 22. Bf3 Bxd2 23. Rh1 Nh6 24. Kxd2 Ng8 25. Qxc6 Qb4+ 26. Qc3 a5 27. Nc5
Qf4+ 28. Kd1 Re8 29. Nxe6+ Rxe6 30. Qc5+ Re7 31. Rh8 {#} 1-0

[Event "22. Copenhagen Open  (Politiken Cup)"]
[Site "Copenhagen"]
[Date "2000.07.21"]
[Round "5"]
[White "Hamann, Steffen"]
[Black "Jorgensen, Morten S"]
[Result "0-1"]
[WhiteElo "1638"]
[BlackElo "1223"]
[PlyCount "60"]
[EventDate "2000.07.17"]
[EventType "swiss"]
[EventRounds "11"]
[EventCountry "DEN"]
[SourceDate "2004.01.01"]

1. d4 Nf6 2. c4 g6 3. g3 d5 4. Bg2 Bg7 5. cxd5 Nxd5 6. e4 Nb6 7. Nf3 Bg4 8. Be3
c5 9. e5 cxd4 10. Qxd4 Qxd4 11. Nxd4 N8d7 12. Na3 Rb8 13. f4 O-O 14. h3 Be6 15.
Nxe6 fxe6 16. Rc1 Nxe5 17. Ke2 Ned7 18. Rc7 Rfc8 19. Bxb6 Nxb6 20. Rxb7 Bxb2
21. Rxa7 Bxa3 22. Rxa3 Rc2+ 23. Kf3 Rd8 24. Ra1 Rdd2 25. Bf1 Kf7 26. Ke4 Kf6
27. g4 Kf7 28. Bd3 Rb2 29. Ke5 Rb4 30. Bb5 Rd5# 0-1

[Event "22. Copenhagen Open  (Politiken Cup)"]
[Site "Copenhagen"]
[Date "2000.07.21"]
[Round "5"]
[White "Hansen, Henrik Damgaard"]
[Black "Lonborg, Morten"]
[Result "1/2-1/2"]
[WhiteElo "1508"]
[BlackElo "2166"]
[PlyCount "134"]
[EventDate "2000.07.17"]
[EventType "swiss"]
[EventRounds "11"]
[EventCountry "DEN"]
[SourceDate "2004.01.01"]

1. e4 c5 2. c3 Nf6 3. e5 Nd5 4. Nf3 e6 5. d4 cxd4 6. cxd4 b6 7. Nc3 Nxc3 8.
bxc3 Qc7 9. Bd2 Nc6 10. Be2 Na5 11. O-O Bb7 12. Ne1 Rc8 13. f4 g6 14. Nc2 Nc4
15. Be1 Be4 16. Rf2 Be7 17. Bf3 Bxf3 18. Qxf3 Qc6 19. Qxc6 Rxc6 20. Rb1 O-O 21.
Rf3 Rfc8 22. Nb4 Bxb4 23. Rxb4 a6 24. Kf2 b5 25. Ke2 Nb6 26. g3 Nd5 27. Rb3 Rc4
28. Rd3 Ra4 29. a3 Nb6 30. Rd2 Nc4 31. Ra2 Kg7 32. Kf3 Nb6 33. Bd2 Rac4 34. Ke4
Na4 35. Kd3 Nb6 36. Rc2 Nd5 37. Be1 Kf8 38. Bd2 Ke7 39. Ra2 Nb6 40. Rc2 Kd8 41.
Rc1 Kc7 42. Rcb1 Nd5 43. R1b2 h5 44. h4 f6 45. Rc2 fxe5 46. dxe5 Nb6 47. Rb4
Kb7 48. Be3 Na4 49. Bd4 Nb6 50. Rb3 Nd5 51. Rc1 Ne7 52. Rb4 R4c7 53. Rc2 Nc6
54. Rbb2 Nxd4 55. cxd4 Rxc2 56. Rxc2 Rxc2 57. Kxc2 Kc6 58. Kc3 a5 59. Kd2 b4
60. axb4 axb4 61. Kc2 Kb6 62. Kb2 Ka5 63. Ka2 Ka4 64. Kb2 b3 65. Kb1 Ka3 66.
Ka1 b2+ 67. Kb1 Kb3 1/2-1/2

[Event "22. Copenhagen Open  (Politiken Cup)"]
[Site "Copenhagen"]
[Date "2000.07.21"]
[Round "5"]
[White "Hansen, Henrik Michael"]
[Black "Grand, Hans Henrik"]
[Result "1/2-1/2"]
[WhiteElo "2119"]
[BlackElo "2036"]
[PlyCount "76"]
[EventDate "2000.07.17"]
[EventType "swiss"]
[EventRounds "11"]
[EventCountry "DEN"]
[SourceDate "2004.01.01"]

1. e4 c5 2. Nf3 g6 3. d4 cxd4 4. Nxd4 Nc6 5. c4 Nf6 6. Nc3 Nxd4 7. Qxd4 d6 8.
Bg5 Bg7 9. Be2 O-O 10. Qd2 Be6 11. Rd1 Qa5 12. f3 Rfc8 13. Nd5 Qxd2+ 14. Kxd2
Bxd5 15. exd5 h6 16. Bh4 Kf8 17. b3 Nd7 18. f4 Bf6 19. Bf2 Nc5 20. Ke3 Kg7 21.
Bg4 Rd8 22. Rb1 b6 23. Rhc1 Nd7 24. b4 Rac8 25. Kd3 Rc7 26. a4 Kf8 27. a5 Rb8
28. c5 bxc5 29. Bxd7 Rxd7 30. bxc5 Rxb1 31. Rxb1 dxc5 32. Rb8+ Kg7 33. Kc4 Bd4
34. Bg3 f5 35. Be1 Kf7 36. Ra8 e6 37. dxe6+ Kxe6 38. Rg8 Kf7 1/2-1/2

[Event "22. Copenhagen Open  (Politiken Cup)"]
[Site "Copenhagen"]
[Date "2000.07.21"]
[Round "5"]
[White "Hansen, Herluf"]
[Black "Tozer, Richard"]
[Result "1/2-1/2"]
[WhiteElo "2047"]
[BlackElo "2317"]
[PlyCount "56"]
[EventDate "2000.07.17"]
[EventType "swiss"]
[EventRounds "11"]
[EventCountry "DEN"]
[SourceDate "2004.01.01"]

1. d4 d5 2. Nf3 Nf6 3. c4 c6 4. Qc2 a6 5. c5 Nbd7 6. Bf4 g6 7. Nc3 Bg7 8. h3
O-O 9. e3 Re8 10. Be2 Nh5 11. Bh2 e5 12. dxe5 Nxe5 13. Nd4 Nf6 14. O-O Ne4 15.
Nxe4 dxe4 16. Qxe4 Ng4 17. Qd3 Nxh2 18. Kxh2 Qh4 19. Rad1 Be5+ 20. Kg1 Bxh3 21.
Nf3 Qg4 22. Ne1 Qh4 23. gxh3 Qxh3 24. Nf3 Qg4+ 25. Kh1 Qh3+ 26. Kg1 Qg4+ 27.
Kh1 Qh3+ $11 28. Kg1 Qg4+ 1/2-1/2

[Event "22. Copenhagen Open  (Politiken Cup)"]
[Site "Copenhagen"]
[Date "2000.07.21"]
[Round "5"]
[White "Hansen, Ib Lyns"]
[Black "Greisen, Flemming Dahl"]
[Result "1-0"]
[WhiteElo "1769"]
[BlackElo "1488"]
[PlyCount "83"]
[EventDate "2000.07.17"]
[EventType "swiss"]
[EventRounds "11"]
[EventCountry "DEN"]
[SourceDate "2004.01.01"]

1. d4 d5 2. g3 e6 3. Bg2 Nf6 4. Nf3 c5 5. c3 Nc6 6. O-O Bd6 7. Re1 O-O 8. Nbd2
Re8 9. e4 e5 10. exd5 Nxd5 11. dxc5 Bxc5 12. Ne4 Bb6 13. Nfg5 Nf6 14. Qb3 Be6
15. Nxe6 Rxe6 16. Bg5 Qc7 17. Bxf6 gxf6 18. Bh3 Na5 19. Qd1 Rc6 20. Bf5 Rd8 21.
Qh5 Kf8 22. Qxh7 Ke7 23. Rad1 Nc4 24. Bg4 Nxb2 25. Rxd8 Qxd8 26. Qf5 Qd5 27. h4
Qe6 28. Qf3 Qc4 29. h5 Nd3 30. Re2 Nxf2 31. Nxf2 Bxf2+ 32. Rxf2 Qxc3 33. Qxc3
Rxc3 34. Kg2 e4 35. Bf5 Kf8 36. h6 Rd3 37. Bxe4 Rd8 38. Bxb7 Ke7 39. h7 Rh8 40.
Be4 Ke6 41. g4 Ke5 42. Bf5 1-0

[Event "22. Copenhagen Open  (Politiken Cup)"]
[Site "Copenhagen"]
[Date "2000.07.21"]
[Round "5"]
[White "Hansen, Morten Lyck"]
[Black "Andersen, Rune"]
[Result "0-1"]
[WhiteElo "1812"]
[BlackElo "2077"]
[PlyCount "86"]
[EventDate "2000.07.17"]
[EventType "swiss"]
[EventRounds "11"]
[EventCountry "DEN"]
[SourceDate "2004.01.01"]

1. e4 c5 2. Nf3 Nc6 3. d4 cxd4 4. Nxd4 g6 5. Nc3 Bg7 6. Be3 Nf6 7. Be2 O-O 8.
Qd2 d5 9. exd5 Nxd5 10. Nxd5 Nxd4 11. Bxd4 Qxd5 12. Bxg7 Qxd2+ 13. Kxd2 Rd8+
14. Ke3 Kxg7 15. Rhd1 Bf5 16. c3 e5 17. Rxd8 Rxd8 18. Rd1 Rxd1 19. Bxd1 Be6 20.
a3 f5 21. Be2 Kf6 22. c4 b6 23. b4 Bd7 24. Kd3 g5 25. g3 g4 26. Bf1 Bc6 27. Kc3
Ke6 28. Be2 Kf6 29. Kd3 Kg5 30. Kc3 Kf6 31. Kd3 a5 32. Bd1 h5 33. Bb3 axb4 34.
axb4 f4 35. Kd2 Kf5 36. Bc2+ e4 37. Kc3 fxg3 38. hxg3 Ke5 39. Bd1 Bd7 40. Bb3 {
[#]} e3 41. Kd3 h4 42. gxh4 exf2 43. Ke2 g3 0-1

[Event "22. Copenhagen Open  (Politiken Cup)"]
[Site "Copenhagen"]
[Date "2000.07.21"]
[Round "5"]
[White "Hau, Helge"]
[Black "Nielsen, Thomas"]
[Result "0-1"]
[WhiteElo "1427"]
[BlackElo "1809"]
[PlyCount "74"]
[EventDate "2000.07.17"]
[EventType "swiss"]
[EventRounds "11"]
[EventCountry "DEN"]
[SourceDate "2004.01.01"]

1. f4 d5 2. Nf3 Nf6 3. e3 Bg4 4. Be2 e6 5. O-O Bd6 6. d4 Nbd7 7. Ne5 Bxe2 8.
Qxe2 Ne4 9. Nd2 Ndf6 10. Rf3 Qe7 11. c4 Bb4 12. a3 Bxd2 13. Bxd2 Nxd2 14. Qxd2
O-O-O 15. Qa5 Kb8 16. c5 c6 17. b4 Nd7 18. b5 Nxe5 19. fxe5 Rc8 20. Rb1 cxb5
21. Qxb5 Qc7 22. Rff1 Rhd8 23. Rfc1 Qc6 24. Qd3 g6 25. Rf1 Rc7 26. Qc2 Kc8 27.
a4 b6 28. Rb5 a6 29. Rxb6 Qxb6 30. Rb1 Qc6 31. a5 Rb7 32. Rb6 Rxb6 33. axb6 Kb7
34. Qf2 Rd7 35. Qh4 h5 36. Kf2 Qb5 37. Kf3 Qf1+ 0-1

[Event "22. Copenhagen Open  (Politiken Cup)"]
[Site "Copenhagen"]
[Date "2000.07.21"]
[Round "5"]
[White "Heinola, Vesa"]
[Black "Bohlke, Christian"]
[Result "0-1"]
[WhiteElo "2227"]
[BlackElo "2052"]
[PlyCount "54"]
[EventDate "2000.07.17"]
[EventType "swiss"]
[EventRounds "11"]
[EventCountry "DEN"]
[SourceDate "2004.01.01"]

1. d4 Nf6 2. c4 c5 3. d5 b5 4. cxb5 a6 5. f3 e6 6. e4 exd5 7. e5 Qe7 8. Qe2 Ng8
9. Nc3 Bb7 10. Nh3 Qd8 11. Bg5 Be7 12. Bd2 d6 13. e6 fxe6 14. Qxe6 Qd7 15.
Qxd7+ Kxd7 16. bxa6 Nxa6 17. Bb5+ Bc6 18. Bxc6+ Kxc6 19. Kf2 Nb4 20. b3 Bf6 21.
a4 Bd4+ 22. Kg3 Nd3 23. Rad1 Nf6 24. Nb5 Be5+ 25. f4 Ne4+ 26. Kf3 Rhf8 27. g3
Nb2 0-1

[Event "22. Copenhagen Open  (Politiken Cup)"]
[Site "Copenhagen"]
[Date "2000.07.21"]
[Round "5"]
[White "Hillarp Persson, Tiger"]
[Black "Carstensen, Jacob"]
[Result "1-0"]
[WhiteElo "2549"]
[BlackElo "2254"]
[PlyCount "145"]
[EventDate "2000.07.17"]
[EventType "swiss"]
[EventRounds "11"]
[EventCountry "DEN"]
[SourceDate "2004.01.01"]

1. d4 Nf6 2. c4 e6 3. Nc3 Bb4 4. e3 c5 5. Bd3 d5 6. Nf3 O-O 7. O-O Nc6 8. a3
Bxc3 9. bxc3 dxc4 10. Bxc4 Qc7 11. Bd3 e5 12. Qc2 Bg4 13. Nxe5 Nxe5 14. dxe5
Qxe5 15. f3 Bd7 16. e4 c4 17. Be2 Qc5+ 18. Kh1 Rad8 19. a4 Rfe8 20. Ba3 Qc6 21.
a5 Re5 22. Bb4 Rh5 23. Rad1 Re8 24. Qd2 Rh6 25. Kg1 Qc8 26. Qd4 Ba4 27. Rd2 Qc7
28. g3 Rg6 29. Bxc4 h5 30. Bd6 Qxa5 31. e5 Nd7 32. f4 Bc6 33. Ra2 Qb6 34. Rxa7
h4 35. Qxb6 Nxb6 36. Bd3 Rh6 37. Bc5 hxg3 38. hxg3 Nd7 39. Bd4 Rh3 40. Kf2 Rh2+
41. Ke1 Nf6 42. Be2 Ne4 43. Rg1 Rh3 44. Bg4 Rxg3 45. Rxg3 Nxg3 46. Kf2 Ne4+ 47.
Ke3 Nf6 48. Bf3 Nd5+ 49. Bxd5 Bxd5 50. f5 f6 51. e6 g6 52. Ra5 Bg2 53. Kf4 gxf5
54. Kxf5 Bh3+ 55. Kg6 Bxe6 56. Kxf6 Bc4 57. Rg5+ Kh7 58. Rg7+ Kh6 59. Rxb7 Rf8+
60. Ke5 Rf1 61. Rc7 Re1+ 62. Kd6 Re6+ 63. Kc5 Bd3 64. c4 Be4 65. Kb5 Kg5 66. c5
Bd3+ 67. Kb4 Be4 68. Rg7+ Kf5 69. Rf7+ Kg4 70. Bg7 Bf3 $11 71. Bf8 Rc6 72. Kb5
Kg3 73. Rxf3+ 1-0

[Event "22. Copenhagen Open  (Politiken Cup)"]
[Site "Copenhagen"]
[Date "2000.07.21"]
[Round "5"]
[White "Hoi, Carsten"]
[Black "Rasmussen, Allan Stig"]
[Result "1-0"]
[WhiteElo "2408"]
[BlackElo "2199"]
[Annotator "Carsten Hi"]
[PlyCount "47"]
[EventDate "2000.07.17"]
[EventType "swiss"]
[EventRounds "11"]
[EventCountry "DEN"]
[SourceDate "2004.01.01"]

1. d4 f5 2. Bg5 $5 {A special variation, which is quite amusing!} h6 3. Bh4 g5
4. e3 Nf6 5. Bg3 Bg7 $6 {Rasmussen later suggested 5. .. d6 and 6. .. Nc6 to
play e5 as fast as possible.} 6. Bd3 d6 7. c3 e6 8. h4 g4 9. Qc2 {To stop
e6-e5 and later castle queenside.} Nh5 10. Ne2 Qf6 {(?) I think that the queen
is misplaced here.} 11. Nd2 e5 12. dxe5 dxe5 13. O-O-O Nc6 14. f3 gxf3 15. gxf3
Bd7 16. e4 f4 17. Bf2 O-O-O {Also possible was 17. .. 0-0, but the black
pieces on h5 and g7 stand poorly.} 18. Rhg1 Kb8 19. Kb1 Qe7 {Maybe 19. .. Bf8
was better.} 20. Nb3 b6 21. Bb5 Kb7 $4 {A grave mistake - better was 21. ..
Be8 but not 21. .. Nb4 22. Rxd7 Qxd7 23. Bxd7 Nxc2 24. Bg4. #} 22. Nc5+ $1 {
Wins in attack.} bxc5 23. Qb3 c4 $2 {Missing the answer!} ({After} 23... a6 24.
Bc4+ Ka7 25. Qa3 $1) ({or} 23... Ka8 24. Rxd7 Qxd7 25. Qa4 Kb7 26. Nc1 $1 {
Better than 26. Qa6+.} a5 27. Nb3 {Winning.}) 24. Bxc6+ (24. Bxc6+ Kxc6 25.
Qa4+ Kb7 26. Qxa7+ Kc6 27. Qa6#) 1-0

[Event "22. Copenhagen Open  (Politiken Cup)"]
[Site "Copenhagen"]
[Date "2000.07.21"]
[Round "5"]
[White "Hvenekilde, Jorgen"]
[Black "Ginsburg, Mark"]
[Result "0-1"]
[WhiteElo "2260"]
[BlackElo "2402"]
[PlyCount "60"]
[EventDate "2000.07.17"]
[EventType "swiss"]
[EventRounds "11"]
[EventCountry "DEN"]
[SourceDate "2004.01.01"]

1. d4 g6 2. e4 Bg7 3. Nc3 d6 4. Be3 a6 5. Qd2 b5 6. O-O-O Bb7 7. f3 Nd7 8. g4
c5 9. Nge2 Rc8 10. h4 b4 11. Nb1 Ngf6 12. h5 {[#]} Nxe4 13. fxe4 Bxe4 14. Rh2
Bxc2 15. Re1 Be4 16. d5 Qa5 17. Ng3 Bf3 18. Bh6 Be5 19. Rxe5 dxe5 20. Be2 Bxe2
21. Rxe2 Qxa2 22. Ne4 Qc4+ 23. Kd1 f5 24. gxf5 gxf5 25. Ng5 Rg8 26. Rf2 Nf6 27.
Qe2 Qxd5+ 28. Nd2 c4 29. Rxf5 c3 30. bxc3 bxc3 0-1